eLife.

"eLife welcomes papers covering the most basic and theoretical work in life and biomedical science through to translational, applied, and clinical research. eLife will publish the most influential research--from advances in basic understanding to research with the potential to drive an entire f...

Full description

Bibliographic Details
Format: Serial
Language:English
Published: Cambridge, UK : ELife Sciences Publications, Ltd., 2012-
Subjects:
Online Availability: Check for online availability

MARC

Tag First Indicator Second Indicator Subfields
LEADER 00000cas a2200000 a 4500
001 in00002784775
005 20150922151132.0
006 m o d
007 cr |||||||||||
008 121017c20129999enkuu oo 0 0eng c
010 |a  2012254610 
022 |a 2050-084X 
035 |a (OCoLC)ocn813236730 
035 |a (OCoLC)813236730 
037 |b Sheraton House, Castle Park, Cambridge, CB3 0AX, United Kingdom 
040 |a CUV  |c CUV  |d PFM  |d CLU  |d TXA  |d UtOrBLW 
042 |a pcc 
049 |a TXAM 
090 |a QH301  |b .E56 Electronic 
245 0 0 |a eLife. 
246 1 |a e-Life 
264 1 |a Cambridge, UK :  |b ELife Sciences Publications, Ltd.,  |c 2012- 
336 |a text  |b txt  |2 rdacontent 
337 |a computer  |b c  |2 rdamedia 
338 |a online resource  |b cr  |2 rdacarrier 
362 1 |a Began with: Vol. 1 (2012). 
520 |a "eLife welcomes papers covering the most basic and theoretical work in life and biomedical science through to translational, applied, and clinical research. eLife will publish the most influential research--from advances in basic understanding to research with the potential to drive an entire field forward (by opening up new questions for investigation), and studies that demonstrate real-world outcomes." 
538 |a Mode of access: World Wide Web. 
588 |a Description based on first issue; title from homepage (PMC Web site, viewed on Oct. 17, 2012). 
588 |a Latest issue consulted: Vol. 1 (2012) (PMC Web site, viewed Oct. 19, 2012). 
500 |a Electronic resource. 
650 0 |a Life sciences  |v Periodicals. 
650 0 |a Life sciences  |x Research  |v Periodicals. 
650 0 |a Medical sciences  |v Periodicals. 
650 0 |a Medical sciences  |x Research  |v Periodicals. 
650 2 |a Biological Science Disciplines  |v Periodicals. 
650 2 |a Medicine  |v Periodicals. 
948 |a cataloged  |b h  |c 2012/11/27  |d c  |e spoltoratski  |f 1:18:44 pm  |g sc 
994 |a C0  |b TXA 
999 |a MARS 
999 f f |s 754dabf9-38c4-3e1f-a887-c5d085985ce2  |i 62fcf32f-f21d-348c-823c-140e44fb7784  |t 0 
952 f f |a Texas A&M University  |b College Station  |c Electronic Resources  |d Available Online  |t 0  |e QH301 .E56  |g Electronic  |h Library of Congress classification 
998 f f |a QH301 .E56  |t 0  |l Available Online